| 000 | 01730nam 22001933 4500 | ||
|---|---|---|---|
| 001 | 32649 | ||
| 090 | _a32649 | ||
| 100 | _a20260327d1995 u||y0pory50 ba | ||
| 101 | _aeng | ||
| 102 | _aPT | ||
| 200 |
_aAçoreana, Revista de Estudos Açoreanos _cA.M. de Frias Martins _eBoletim dab Sociedade de Estudos Açoreanos "Afonso Chaves" Ponta Delgada (Açores) _gDepartamento de Biologia da Universidade dos Açores |
||
| 210 |
_aPortugal, Açores, São Miguel _cDireção regional dos assuntos Culturais go governo Regional dos Açores e pelo Instituto Nacional de Investigação Científica (INIC) _d1995 |
||
| 215 |
_a316 p. _cil. _d23 cm |
||
| 327 | _aProceedings of the second international worshop of malacology and marine biology | ||
| 330 | _aFoco Regional: O workshop, realizado em Angra do Heroísmo, Açores, Portugal, dedicou-se à investigação taxonómica, morfológica e ecológica das espécies marinhas locais. Incluiu estudos detalhados sobre a biologia e morfologia funcional de moluscos. Um estudo notável abordou o bivalve Trichomusculus semigranatus. Incluiu trabalhos sobre a anatomia e biologia da espécie de opistobrânquio Aplysiopsis formosa Pruvot-Fol, no contexto dos Açores. Os procedimentos contribuíram para a compilação e atualização de checklists de moluscos de águas rasas, incluindo poliplacóforos. Estes workshops internacionais nos Açores foram fundamentais para catalogar a biodiversidade da região e discutir processos de dispersão e colonização de espécies marinhas. | ||
| 345 | _dOferta | ||
| 606 |
_aMarine biology, _xMalacology _xFauna/flora _yAzores archipelago _z1991 |
||
| 700 |
_aMartins _bA.M. de Frias |
||
| 710 | _aDepartamento de Biologia da Universidade dos Açores | ||